[Event "2nd "]
[Site "Sofia"]
[Date "2017.11.19"]
[Round "1.2"]
[White "Chamurkov, Veselin"]
[Black "Ivanov, Svetlen"]
[Result "0-1"]
[WhiteElo "1188"]
[BlackElo "1434"]
[PlyCount "100"]
[EventDate "2017.11.19"]
[EventType "swiss (rapid)"]
[EventRounds "7"]
[EventCountry "BUL"]

1. e4 c5 2. Nc3 Nc6 3. f4 g6 4. Nf3 Bg7 5. Bb5 Nd4 6. Bd3 d6 7. Nxd4 cxd4 8.
Ne2 Nf6 9. O-O Nd7 10. Bc4 O-O 11. d3 e6 12. a4 a5 13. Bd2 Nc5 14. Bb5 Bd7 15.
Bxd7 Qxd7 16. b3 f5 17. Ng3 fxe4 18. Nxe4 Nxe4 19. dxe4 Qc6 20. Re1 d3 21. Ra2
dxc2 22. Qxc2 Rfc8 23. Qd3 Qa6 24. Qxa6 Rxa6 25. Rc1 Rxc1+ 26. Bxc1 Rb6 27. Bd2
Rxb3 28. Bxa5 Re3 29. Bc7 Bd4 30. Kf1 Bc5 31. e5 d5 32. Rb2 Re4 33. a5 Rxf4+
34. Ke1 Rb4 35. Rc2 Rc4 36. Rxc4 dxc4 37. Kd2 Bb4+ 38. Ke3 Kf7 39. Kd4 c3 40.
Kd3 Ke8 41. Bd6 Bxd6 42. exd6 Kd7 43. Kxc3 Kxd6 44. Kb4 e5 45. Kb5 e4 46. Kc4
Kc6 47. h4 e3 48. Kd3 Kb5 49. Kxe3 Kxa5 50. Kf4 b5 0-1

[Event "2nd "]
[Site "Sofia"]
[Date "2017.11.19"]
[Round "1.3"]
[White "Kononenko, Vladimir"]
[Black "Markov, Daniel"]
[Result "1-0"]
[WhiteElo "1345"]
[BlackElo "1228"]
[PlyCount "137"]
[EventDate "2017.11.19"]
[EventType "swiss (rapid)"]
[EventRounds "7"]
[EventCountry "BUL"]

1. e4 e6 2. d4 d5 3. exd5 exd5 4. c4 c6 5. Nc3 Nf6 6. Bd3 Be6 7. c5 Be7 8. Nf3
Nbd7 9. O-O O-O 10. Bf4 Nh5 11. Bxh7+ Kxh7 12. Ng5+ Kg8 13. Qxh5 Bxg5 14. Bxg5
Nf6 15. Qf3 Re8 16. Bxf6 Qxf6 17. Qxf6 gxf6 18. Rfe1 Kg7 19. Re3 Rh8 20. Rg3+
Kf8 21. Re1 Rh4 22. Rd3 Ke7 23. g3 Rh6 24. Ne2 Kd7 25. Nf4 Rg8 26. Rde3 f5 27.
b4 b5 28. a3 a6 29. Re5 Rg4 30. h3 Rg8 31. Kg2 Rg7 32. a4 Rg8 33. axb5 axb5 34.
Ra1 Rc8 35. Ra7+ Rc7 36. Rxc7+ Kxc7 37. Nxe6+ fxe6 38. h4 Kd7 39. Kf3 Ke7 40.
Kf4 Kf6 41. Re1 Rh5 42. Ra1 Rh7 43. Ra8 Rc7 44. Rf8+ Kg7 45. Rd8 Kf6 46. Rd6
Ke7 47. Ke5 Kf7 48. Rxe6 Kg7 49. Kd6 Rc8 50. Re7+ Kg6 51. Rc7 Rd8+ 52. Ke7 Ra8
53. Rxc6+ Kh5 54. Rf6 Ra7+ 55. Ke6 Ra4 56. Rxf5+ Kg4 57. Rxd5 Rxb4 58. c6 Rc4
59. Rc5 Rxd4 60. c7 Re4+ 61. Kd6 Rd4+ 62. Kc6 Kf3 63. c8=Q Kxf2 64. Qf5+ Kxg3
65. Rc3+ Kg2 66. Qf3+ Kg1 67. Rc1+ Rd1 68. Rxd1+ Kh2 69. Rh1# 1-0

[Event "2nd "]
[Site "Sofia"]
[Date "2017.11.19"]
[Round "2.2"]
[White "Ivanov, Svetlen"]
[Black "Arshinkova, Boryana"]
[Result "1/2-1/2"]
[WhiteElo "1434"]
[BlackElo "1316"]
[PlyCount "75"]
[EventDate "2017.11.19"]
[EventType "swiss (rapid)"]
[EventRounds "7"]
[EventCountry "BUL"]

1. Nf3 d5 2. g3 Nc6 3. d4 Bf5 4. Bg2 Nf6 5. O-O e6 6. Bg5 Be7 7. c4 Nb4 8. Na3
Ne4 9. Bxe7 Qxe7 10. Qa4+ Nc6 11. cxd5 exd5 12. Ne5 Qe6 13. Rac1 O-O 14. Nxc6
bxc6 15. Qxc6 Qf6 16. Qxf6 Nxf6 17. Rxc7 Rfe8 18. e3 h6 19. Rfc1 Rab8 20. b3 a6
21. Ra7 Rb6 22. Rcc7 Be6 23. Bf1 Ne4 24. Bd3 Nd6 25. Bxa6 Bh3 26. Bf1 Bg4 27.
Bg2 Rc8 28. Rxc8+ Nxc8 29. Bxd5 Nxa7 30. Nc4 Rb8 31. Ne5 Bh3 32. Bxf7+ Kh8 33.
d5 Rc8 34. Nc4 Nb5 35. f4 Nc3 36. a3 Rc7 37. Ne5 Ne4 38. Ng6+ 1/2-1/2

[Event "2nd "]
[Site "Sofia"]
[Date "2017.11.19"]
[Round "2.3"]
[White "Popzafirov, Vasil"]
[Black "Kononenko, Vladimir"]
[Result "1-0"]
[WhiteElo "1063"]
[BlackElo "1345"]
[PlyCount "41"]
[EventDate "2017.11.19"]
[EventType "swiss (rapid)"]
[EventRounds "7"]
[EventCountry "BUL"]

1. e4 e5 2. Bc4 Nf6 3. d3 Bc5 4. Nf3 Nc6 5. O-O d6 6. c3 Bg4 7. h3 Bh5 8. Nbd2
O-O 9. Re1 a6 10. Bb3 Ba7 11. Nf1 h6 12. Ng3 Bg6 13. Qe2 Re8 14. Nh4 Bh7 15.
Qf3 Rc8 16. Ngf5 Bxf5 17. Nxf5 Ne7 18. Nxh6+ gxh6 19. Qxf6 d5 20. Bxh6 Qd6 21.
Qg7# 1-0

[Event "2nd "]
[Site "Sofia"]
[Date "2017.11.19"]
[Round "3.1"]
[White "Georgiev, Konstantin G"]
[Black "Popzafirov, Vasil"]
[Result "1-0"]
[WhiteElo "1633"]
[BlackElo "1063"]
[PlyCount "73"]
[EventDate "2017.11.19"]
[EventType "swiss (rapid)"]
[EventRounds "7"]
[EventCountry "BUL"]

1. b3 e5 2. Bb2 Nc6 3. e3 Nf6 4. Bb5 a6 5. Bxc6 dxc6 6. Bxe5 Be6 7. Nf3 Qd7 8.
c4 O-O-O 9. Qc2 Be7 10. Nc3 Bf5 11. e4 Bg6 12. O-O-O c5 13. Rhe1 Rhe8 14. d3
Bd6 15. Bxd6 cxd6 16. Nd5 Nxd5 17. cxd5 Qg4 18. Rg1 Rd7 19. h3 Qf4+ 20. Qd2
Qxd2+ 21. Nxd2 Rc7 22. Nc4 Kd7 23. f4 f6 24. g4 b5 25. Nd2 Rec8 26. Kb2 a5 27.
h4 Rb8 28. f5 Bf7 29. g5 fxg5 30. hxg5 g6 31. Rh1 Bg8 32. fxg6 hxg6 33. Rh6 Bf7
34. Rh7 Kc8 35. Rf1 Rbb7 36. Rh8+ Kd7 37. Rxf7# 1-0

[Event "2nd "]
[Site "Sofia"]
[Date "2017.11.19"]
[Round "3.2"]
[White "Naydenov, Kristiyan"]
[Black "Dimitrov, Dimitar Hr"]
[Result "0-1"]
[WhiteElo "1152"]
[BlackElo "1252"]
[PlyCount "46"]
[EventDate "2017.11.19"]
[EventType "swiss (rapid)"]
[EventRounds "7"]
[EventCountry "BUL"]

1. e4 d5 2. exd5 Nf6 3. Nc3 Nxd5 4. Nxd5 Qxd5 5. Nf3 Bg4 6. Be2 Nc6 7. O-O e6
8. h3 Bh5 9. b3 Be7 10. Bb2 Bf6 11. Bxf6 gxf6 12. Bc4 Qd7 13. Qe2 O-O-O 14. Bd3
Rhg8 15. Bxh7 Rg7 16. Bd3 Rdg8 17. g4 f5 18. Nh2 fxg4 19. hxg4 Bxg4 20. Nxg4
Rxg4+ 21. Qxg4 Rxg4+ 22. Kh2 Qe7 23. Rg1 Qh4# 0-1

[Event "2nd "]
[Site "Sofia"]
[Date "2017.11.19"]
[Round "3.3"]
[White "Popzafirov, Danail"]
[Black "Baklova, Mila"]
[Result "1-0"]
[WhiteElo "1201"]
[BlackElo "1190"]
[PlyCount "103"]
[EventDate "2017.11.19"]
[EventType "swiss (rapid)"]
[EventRounds "7"]
[EventCountry "BUL"]

1. e4 e5 2. Nf3 Nc6 3. Bb5 a6 4. Bxc6 dxc6 5. Nc3 Nf6 6. O-O Be7 7. d3 Qd6 8.
Ne2 O-O 9. Re1 Be6 10. Ng3 Rfe8 11. Nh4 Qd4 12. Ngf5 Bxf5 13. Nxf5 Qd7 14. Qf3
Rad8 15. Bh6 Bf8 16. Bg5 Qe6 17. Nh6+ Kh8 18. Nf5 Rd7 19. Nh6 Ng8 20. Ng4 Qg6
21. Bh4 Qh5 22. Bg3 Rd6 23. Nxe5 Rxe5 24. Qxh5 Rxh5 25. Bxd6 Bxd6 26. g3 Nf6
27. f4 Ng4 28. Re2 g6 29. c3 f5 30. e5 Bc5+ 31. d4 Be7 32. a3 g5 33. Rf1 Kg7
34. Rc1 h6 35. b4 gxf4 36. gxf4 b6 37. c4 c5 38. bxc5 bxc5 39. d5 Rh3 40. Rd1
Bh4 41. d6 Bf2+ 42. Rxf2 Nxf2 43. Kxf2 Rxh2+ 44. Kg3 Re2 45. dxc7 Re3+ 46. Kf2
Re4 47. c8=Q Rxf4+ 48. Kg3 Rg4+ 49. Kh3 Re4 50. Rg1+ Kh7 51. Qd7+ Kh8 52. Qg7#
1-0

[Event "2nd "]
[Site "Sofia"]
[Date "2017.11.19"]
[Round "4.1"]
[White "Dimitrov, Dimitar Hr"]
[Black "Georgiev, Konstantin G"]
[Result "0-1"]
[WhiteElo "1252"]
[BlackElo "1633"]
[PlyCount "48"]
[EventDate "2017.11.19"]
[EventType "swiss (rapid)"]
[EventRounds "7"]
[EventCountry "BUL"]

1. d4 Nf6 2. Bf4 e6 3. Nf3 c5 4. e3 Nc6 5. c3 d5 6. Bb5 Bd6 7. Bg3 O-O 8. Nbd2
Qe7 9. Bd3 e5 10. dxe5 Nxe5 11. Bc2 Bg4 12. h3 Bh5 13. Bxe5 Bxe5 14. g4 Bg6 15.
Bxg6 fxg6 16. Nb3 Rac8 17. g5 Nd7 18. Qxd5+ Qf7 19. Nxe5 Qxd5 20. f3 Nxe5 21.
Nd2 Nxf3+ 22. Nxf3 Rxf3 23. Ke2 Re8 24. Rad1 Rexe3# 0-1

[Event "2nd "]
[Site "Sofia"]
[Date "2017.11.19"]
[Round "4.2"]
[White "Ivanov, Svetlen"]
[Black "Popzafirov, Danail"]
[Result "1-0"]
[WhiteElo "1434"]
[BlackElo "1201"]
[PlyCount "123"]
[EventDate "2017.11.19"]
[EventType "swiss (rapid)"]
[EventRounds "7"]
[EventCountry "BUL"]

1. Nf3 d5 2. g3 Nf6 3. Bg2 g6 4. O-O Bg7 5. d4 O-O 6. c4 c6 7. Nc3 e6 8. Bg5 h6
9. Bf4 Nbd7 10. Rc1 Nb6 11. cxd5 Nfxd5 12. e4 Nxf4 13. gxf4 Qf6 14. Ne2 g5 15.
fxg5 hxg5 16. h3 Qh6 17. Qd2 f6 18. Ng3 Kh7 19. Rc5 Rh8 20. h4 Kg8 21. hxg5
fxg5 22. Qxg5 Qxg5 23. Rxg5 Kf8 24. Rc5 Nd7 25. Rc2 Nf6 26. b4 Bd7 27. Rfc1 Ne8
28. Rd1 b6 29. d5 cxd5 30. Rcd2 Bc3 31. Rd3 dxe4 32. Nxe4 Bxb4 33. Rxd7 Be7 34.
Ne5 Rg8 35. Kf1 Rg7 36. Bh3 Rh7 37. Bxe6 Rh1+ 38. Ke2 Rxd1 39. Kxd1 Rd8 40.
Ng6+ Kg7 41. Nxe7 Rxd7+ 42. Bxd7 Nf6 43. Nxf6 Kxf6 44. Nc8 Ke5 45. Nxa7 Kf4 46.
Ke2 Ke5 47. Nb5 Kf4 48. f3 Ke5 49. Ke3 Kf6 50. Ke4 Ke7 51. Bc6 Kf8 52. f4 Ke7
53. Ke5 Kf8 54. f5 Kf7 55. f6 Kf8 56. Nd6 b5 57. f7 b4 58. Ke6 b3 59. axb3 Kg7
60. Ke7 Kg6 61. f8=Q Kg5 62. Qf5+ 1-0

[Event "2nd "]
[Site "Sofia"]
[Date "2017.11.19"]
[Round "4.3"]
[White "Popzafirov, Vasil"]
[Black "Arshinkova, Boryana"]
[Result "1-0"]
[WhiteElo "1063"]
[BlackElo "1316"]
[PlyCount "141"]
[EventDate "2017.11.19"]
[EventType "swiss (rapid)"]
[EventRounds "7"]
[EventCountry "BUL"]

1. e4 e5 2. Bc4 Nf6 3. d3 Nc6 4. Nf3 Bc5 5. O-O d6 6. c3 Bg4 7. h3 Bh5 8. Nbd2
a6 9. Bb3 d5 10. Bc2 O-O 11. Re1 Re8 12. Nf1 dxe4 13. dxe4 Qxd1 14. Rxd1 Bxf3
15. gxf3 Rad8 16. Be3 Bb6 17. Ng3 h6 18. b4 a5 19. b5 Ne7 20. c4 Ng6 21. c5 Ba7
22. b6 cxb6 23. cxb6 Bb8 24. Ba4 Rxd1+ 25. Rxd1 Rc8 26. Bd2 Nh4 27. Bxa5 Nxf3+
28. Kg2 Nh4+ 29. Kf1 Nf3 30. Nf5 Kh7 31. Ne7 Rh8 32. Rd3 Nd4 33. Nf5 Rd8 34.
Nxd4 exd4 35. e5 Nh5 36. Bc2 Bxe5 37. Rxd4+ f5 38. Rxd8 Nf6 39. Bxf5+ g6 40.
Bc2 Kg7 41. Bd2 g5 42. Bd3 Kf7 43. Bf5 h5 44. a4 Ne8 45. Bxg5 Nd6 46. Rd7+ Kg8
47. Be7 Nf7 48. Be6 Kg7 49. Bxf7 Kxf7 50. Bd6+ Ke6 51. Bxe5 Kxd7 52. a5 Kc6 53.
f4 Kb5 54. Bc7 Kxa5 55. f5 Kb5 56. f6 Kc6 57. f7 Kc5 58. f8=Q+ Kc4 59. Qf4+ Kd5
60. Qe5+ Kc4 61. h4 Kd3 62. Qf4 Kc3 63. Be5+ Kb3 64. Qd4 Ka3 65. Qb2+ Ka4 66.
Ke2 Ka5 67. Bc3+ Ka6 68. Bd4 Ka5 69. Kd3 Ka6 70. Kc4 Ka5 71. Qa2# 1-0

[Event "2nd "]
[Site "Sofia"]
[Date "2017.11.19"]
[Round "5.1"]
[White "Georgiev, Konstantin G"]
[Black "Ivanov, Svetlen"]
[Result "0-1"]
[WhiteElo "1633"]
[BlackElo "1434"]
[PlyCount "76"]
[EventDate "2017.11.19"]
[EventType "swiss (rapid)"]
[EventRounds "7"]
[EventCountry "BUL"]

1. b3 e5 2. Bb2 Nc6 3. e3 Nf6 4. Bb5 Bd6 5. Nf3 e4 6. Bxc6 bxc6 7. Nd4 O-O 8.
Nf5 Be7 9. Nxe7+ Qxe7 10. d4 d5 11. Ba3 Qe6 12. Bxf8 Kxf8 13. Nd2 Qf5 14. Qe2
Qg5 15. O-O-O a5 16. a4 Ba6 17. c4 Rb8 18. h4 Qf5 19. g4 Nxg4 20. Rhg1 h5 21.
Rgf1 Qe6 22. f3 Nf6 23. fxe4 dxe4 24. Qg2 Qe7 25. Kb2 Qb4 26. Qg5 Bxc4 27. Rg1
Bxb3 28. Qc5+ Qxc5 29. dxc5 Bxd1+ 30. Kc3 Nd5+ 31. Kd4 Rb4+ 32. Ke5 f6+ 33. Kf5
Bg4+ 34. Kg6 Ne7+ 35. Kh7 Bf5+ 36. Kh8 Ng6+ 37. Kh7 Kf7 38. Nf1 Rb8 0-1

[Event "2nd "]
[Site "Sofia"]
[Date "2017.11.19"]
[Round "5.2"]
[White "Chamurkov, Veselin"]
[Black "Dimitrov, Dimitar Hr"]
[Result "0-1"]
[WhiteElo "1188"]
[BlackElo "1252"]
[PlyCount "48"]
[EventDate "2017.11.19"]
[EventType "swiss (rapid)"]
[EventRounds "7"]
[EventCountry "BUL"]

1. e4 d5 2. exd5 Nf6 3. Nc3 Nxd5 4. Nxd5 Qxd5 5. Nf3 Bg4 6. Be2 Nc6 7. h3 Bh5
8. O-O e6 9. d3 O-O-O 10. a4 Be7 11. Bd2 g5 12. a5 g4 13. hxg4 Bxg4 14. Nh2
Bxe2 15. Qxe2 Bd6 16. Nf3 Qh5 17. Rab1 Nd4 18. Rfe1 Nxe2+ 19. Rxe2 Rhg8 20. b4
Rg6 21. b5 Rdg8 22. Bg5 Rxg5 23. Nxg5 Qh2+ 24. Kf1 Qh1# 0-1

[Event "2nd "]
[Site "Sofia"]
[Date "2017.11.19"]
[Round "5.3"]
[White "Popzafirov, Danail"]
[Black "Popzafirov, Vasil"]
[Result "1-0"]
[WhiteElo "1201"]
[BlackElo "1063"]
[PlyCount "47"]
[EventDate "2017.11.19"]
[EventType "swiss (rapid)"]
[EventRounds "7"]
[EventCountry "BUL"]

1. e4 e5 2. Nf3 Nc6 3. Bb5 a6 4. Bxc6 dxc6 5. Nc3 Bd6 6. O-O Nf6 7. d4 Be6 8.
dxe5 Bc4 9. Re1 Be7 10. exf6 Bxf6 11. e5 Be7 12. Qxd8+ Rxd8 13. Be3 h6 14. Rad1
g5 15. Rxd8+ Kxd8 16. Nd4 h5 17. Rd1 Kc8 18. Nf5 g4 19. Nxe7+ Kb8 20. b3 Be6
21. Ne4 Bf5 22. Nxf5 Re8 23. Nf6 Re6 24. Rb1 1-0

[Event "2nd "]
[Site "Sofia"]
[Date "2017.11.19"]
[Round "6.1"]
[White "Ivanov, Svetlen"]
[Black "Dimitrov, Dimitar Hr"]
[Result "1-0"]
[WhiteElo "1434"]
[BlackElo "1252"]
[PlyCount "103"]
[EventDate "2017.11.19"]
[EventType "swiss (rapid)"]
[EventRounds "7"]
[EventCountry "BUL"]

1. Nf3 Nf6 2. g3 g6 3. b4 Bg7 4. Bb2 O-O 5. Bg2 d6 6. O-O Nbd7 7. d3 Re8 8.
Nbd2 c6 9. c4 b6 10. Nd4 Bb7 11. Nxc6 Bxc6 12. Bxc6 Rc8 13. Bg2 Nb8 14. b5 Nbd7
15. Nb3 Nh5 16. Bxg7 Nxg7 17. Rc1 Ne6 18. Bh3 Ng5 19. Bg2 Nc5 20. Nxc5 bxc5 21.
Qa4 Qc7 22. Qa6 Ne6 23. e3 Nd8 24. Rc3 Qb6 25. Ra3 Qxa6 26. Rxa6 Rc7 27. Rb1
Ne6 28. Rb3 Rb8 29. Rba3 Rb6 30. Rxa7 Kg7 31. Rxc7 Nxc7 32. Ra7 Ne6 33. Rb7
Rxb7 34. Bxb7 Kf8 35. a4 Ke8 36. a5 Kd8 37. b6 Nf8 38. Bc6 Nd7 39. Bxd7 Kxd7
40. b7 Kc7 41. a6 e6 42. Kg2 d5 43. Kf3 f6 44. h4 h6 45. g4 Kb8 46. g5 fxg5 47.
hxg5 h5 48. Kg3 e5 49. cxd5 e4 50. dxe4 c4 51. d6 c3 52. d7 1-0

[Event "2nd "]
[Site "Sofia"]
[Date "2017.11.19"]
[Round "6.2"]
[White "Popzafirov, Danail"]
[Black "Georgiev, Konstantin G"]
[Result "0-1"]
[WhiteElo "1201"]
[BlackElo "1633"]
[PlyCount "62"]
[EventDate "2017.11.19"]
[EventType "swiss (rapid)"]
[EventRounds "7"]
[EventCountry "BUL"]

1. e4 c5 2. Nf3 Nc6 3. Bc4 e6 4. Nc3 Nf6 5. e5 Ng4 6. Qe2 Qc7 7. Nb5 Qb8 8. d4
cxd4 9. Nbxd4 Ngxe5 10. Nxe5 Nxd4 11. Qe4 Nxc2+ 12. Qxc2 Qxe5+ 13. Be2 Bb4+ 14.
Bd2 Bxd2+ 15. Qxd2 d5 16. O-O Bd7 17. Rfe1 Qd6 18. Qg5 O-O 19. Bd3 f5 20. Re3
Rf6 21. Rae1 Rg6 22. Qh4 Rh6 23. Qg3 f4 24. Rxe6 Qxe6 25. Rxe6 fxg3 26. Rxh6
gxf2+ 27. Kxf2 Rf8+ 28. Ke3 gxh6 29. Kd4 a6 30. Bc2 Bb5 31. Bb3 Rf2 0-1

[Event "2nd "]
[Site "Sofia"]
[Date "2017.11.19"]
[Round "6.3"]
[White "Markov, Daniel"]
[Black "Arshinkova, Boryana"]
[Result "1-0"]
[WhiteElo "1228"]
[BlackElo "1316"]
[PlyCount "37"]
[EventDate "2017.11.19"]
[EventType "swiss (rapid)"]
[EventRounds "7"]
[EventCountry "BUL"]

1. e4 e5 2. Nf3 Nc6 3. Bb5 a6 4. Bxc6 bxc6 5. d4 d6 6. dxe5 dxe5 7. Qxd8+ Kxd8
8. Nxe5 Ke8 9. O-O Nf6 10. Nxc6 Bb7 11. Nd4 Bxe4 12. Re1 Be7 13. Nc3 Bg6 14.
Nc6 Ng8 15. Nd5 Kd7 16. Ncxe7 Nxe7 17. Nxe7 Rhe8 18. Bg5 f6 19. Rad1+ 1-0

[Event "2nd "]
[Site "Sofia"]
[Date "2017.11.19"]
[Round "7.1"]
[White "Markov, Daniel"]
[Black "Ivanov, Svetlen"]
[Result "0-1"]
[WhiteElo "1228"]
[BlackElo "1434"]
[PlyCount "76"]
[EventDate "2017.11.19"]
[EventType "swiss (rapid)"]
[EventRounds "7"]
[EventCountry "BUL"]

1. e4 c5 2. Nf3 Nc6 3. c3 Nf6 4. Qc2 d5 5. exd5 Nxd5 6. Bb5 Bd7 7. Bxc6 Bxc6 8.
d4 e6 9. O-O Be7 10. Re1 O-O 11. Be3 Rc8 12. Nbd2 cxd4 13. Bxd4 Bf6 14. Bxf6
Qxf6 15. Ne4 Qg6 16. Ne5 Qh5 17. Ng3 Qg5 18. Nxc6 Rxc6 19. Qd3 h5 20. Ne4 Qh6
21. Qf3 h4 22. Rad1 Nf4 23. h3 e5 24. Rd2 Rg6 25. Ng3 hxg3 26. fxg3 Nxh3+ 27.
gxh3 Qxd2 28. Rxe5 Qd6 29. Re3 Rd8 30. Kf2 Rf6 31. Qxf6 Qxf6+ 32. Ke2 Qb6 33.
Kf3 Qxb2 34. h4 Qxa2 35. Kf4 Qc4+ 36. Kf3 Rd3 37. Rxd3 Qxd3+ 38. Kg4 Qxc3 0-1

[Event "2nd "]
[Site "Sofia"]
[Date "2017.11.19"]
[Round "7.2"]
[White "Georgiev, Konstantin G"]
[Black "Kononenko, Vladimir"]
[Result "1-0"]
[WhiteElo "1633"]
[BlackElo "1345"]
[PlyCount "71"]
[EventDate "2017.11.19"]
[EventType "swiss (rapid)"]
[EventRounds "7"]
[EventCountry "BUL"]

1. b3 d5 2. Bb2 Nc6 3. e3 e5 4. Bb5 Bd6 5. Nf3 Bg4 6. h3 Bxf3 7. Qxf3 Nf6 8.
Bxc6+ bxc6 9. Qg3 Qe7 10. Qxg7 Rg8 11. Qh6 Rxg2 12. Nc3 d4 13. Ne2 Rg6 14. Qh4
dxe3 15. fxe3 Ba3 16. O-O-O Bxb2+ 17. Kxb2 c5 18. Nc3 e4 19. Rhf1 Qe5 20. Qf4
Qe7 21. Qf5 Rd8 22. Rf4 Rd6 23. Nxe4 Nxe4 24. Rxe4 Rde6 25. Rxe6 fxe6 26. Qe4
Qd6 27. Rf1 Qd5 28. Qa4+ Qd7 29. Rf8+ Kxf8 30. Qxd7 e5 31. Qf5+ Kg7 32. Qxe5+
Kh6 33. Qxc5 Kg7 34. Qxc7+ Kh6 35. Qf4+ Kg7 36. c4 1-0

[Event "2nd "]
[Site "Sofia"]
[Date "2017.11.19"]
[Round "7.3"]
[White "Dimitrov, Dimitar Hr"]
[Black "Dobrislavov, Kaloyan"]
[Result "1-0"]
[WhiteElo "1252"]
[BlackElo "1155"]
[PlyCount "57"]
[EventDate "2017.11.19"]
[EventType "swiss (rapid)"]
[EventRounds "7"]
[EventCountry "BUL"]

1. d4 d5 2. Nf3 Nc6 3. Bf4 Bf5 4. e3 e6 5. c3 Nf6 6. Bd3 Bxd3 7. Qxd3 Bd6 8.
Bg3 O-O 9. Nbd2 Ng4 10. O-O-O Nxf2 11. Bxf2 Qf6 12. e4 dxe4 13. Nxe4 Qe7 14.
Neg5 g6 15. h4 Bf4+ 16. Kb1 Rad8 17. Be3 Bxe3 18. Qxe3 Qf6 19. Qd3 e5 20. dxe5
Nxe5 21. Qe3 Rxd1+ 22. Rxd1 Qf5+ 23. Ka1 Nxf3 24. Nxf3 Qc2 25. Qd2 Qe4 26. Qh6
Qe2 27. Rb1 Qxg2 28. Ng5 Qg4 29. Qxh7# 1-0

[Event "2nd children "]
[Site "Sofia"]
[Date "2017.11.19"]
[Round "1.2"]
[White "Hristov, Ivan"]
[Black "Petrova, Maria"]
[Result "1/2-1/2"]
[WhiteElo "1267"]
[BlackElo "1617"]
[PlyCount "141"]
[EventDate "2017.11.19"]
[EventType "swiss (rapid)"]
[EventRounds "7"]
[EventCountry "BUL"]

1. e4 e5 2. Nf3 Nc6 3. Bc4 Bc5 4. Nc3 Nf6 5. d3 O-O 6. Bg5 h6 7. Bh4 Be7 8. Bg3
d6 9. h3 Na5 10. Bb3 Nxb3 11. axb3 a6 12. O-O Be6 13. Qe2 Nh7 14. d4 exd4 15.
Nxd4 Bd7 16. Nd5 Nf6 17. Nf3 Nxd5 18. exd5 Bf6 19. c3 Bf5 20. Ra4 Re8 21. Qd2
Qd7 22. Nd4 Bh7 23. Raa1 Re7 24. Rae1 Rae8 25. Nf3 Be4 26. Nh2 Bf5 27. f3 Qb5
28. Rxe7 Rxe7 29. Qf4 Bd3 30. Rd1 Bc2 31. Rd4 Bxd4+ 32. Qxd4 Bxb3 33. Qh4 Re8
34. Ng4 Qc5+ 35. Kh2 Qxd5 36. Bf4 Qe6 37. Qg3 Qe1 38. Nf6+ Kf8 39. Nxe8 Qxg3+
40. Kxg3 Kxe8 41. Kf2 Ke7 42. g4 g5 43. Be3 Ke6 44. Bd4 f6 45. Be3 b5 46. f4 c5
47. fxg5 fxg5 48. h4 Kf6 49. hxg5+ hxg5 50. Ke2 Be6 51. Kf3 Bd5+ 52. Ke2 Be6
53. Kf3 b4 54. cxb4 cxb4 55. Bb6 Bd5+ 56. Ke3 b3 57. Bc7 Ke7 58. Ba5 Be6 59.
Kf3 d5 60. Bd2 Kf6 61. Kg3 d4 62. Kf3 Bd5+ 63. Kg3 d3 64. Kf2 Be6 65. Kg3 Bc4
66. Kf3 Kg6 67. Kg3 Kf6 68. Kf3 a5 69. Bxa5 Ke5 70. Bd2 Kf6 71. Kg3 1/2-1/2

[Event "2nd children "]
[Site "Sofia"]
[Date "2017.11.19"]
[Round "2.1"]
[White "Stoyanov, Encho"]
[Black "Petrov, Anton S"]
[Result "1/2-1/2"]
[WhiteElo "1410"]
[BlackElo "1825"]
[PlyCount "142"]
[EventDate "2017.11.19"]
[EventType "swiss (rapid)"]
[EventRounds "7"]
[EventCountry "BUL"]

1. c4 c5 2. e3 Nf6 3. Nc3 Nc6 4. Nf3 g6 5. Be2 Bg7 6. O-O O-O 7. b3 d5 8. d4
cxd4 9. Nxd4 e5 10. Nxc6 bxc6 11. cxd5 cxd5 12. Bb2 Be6 13. Rc1 Qa5 14. Na4 Nd7
15. Bc3 Qd8 16. Bb4 Re8 17. Qd2 Qg5 18. Kh1 d4 19. Bf3 dxe3 20. Qxe3 Qxe3 21.
fxe3 Rac8 22. Nc5 Nxc5 23. Bxc5 Rc7 24. Bd6 Rxc1 25. Rxc1 Rc8 26. Rxc8+ Bxc8
27. Kg1 Bf6 28. Kf2 h5 29. Bc5 a6 30. Bd6 Kg7 31. Ke2 Kh6 32. a4 g5 33. b4 g4
34. Bd5 Kg6 35. b5 Bd8 36. Bc5 axb5 37. axb5 f5 38. b6 Kg5 39. b7 Bxb7 40. Bxb7
f4 41. exf4+ Kxf4 42. Kd3 h4 43. Be3+ Kf5 44. Bc8+ Kg6 45. Bxg4 Bf6 46. Ke4 Bg7
47. Bc8 Kf7 48. Bf2 Bf6 49. g3 hxg3 50. Bxg3 Kg6 51. Bxe5 Bd8 52. Kf4 Ba5 53.
Kg4 Kh6 54. Bf5 Bd8 55. Bf4+ Kg7 56. Kh5 Ba5 57. Be5+ Kf7 58. Kg4 Kg8 59. h4
Bd2 60. Bf4 Bc3 61. h5 Kg7 62. h6+ Kh8 63. Kh5 Bf6 64. Kg6 Bc3 65. h7 Bg7 66.
Bg5 Bc3 67. Kf7 Bg7 68. Ke7 Bd4 69. Ke6 Bg7 70. Kf7 Be5 71. Ke7 Bg7 1/2-1/2

[Event "2nd children "]
[Site "Sofia"]
[Date "2017.11.19"]
[Round "2.2"]
[White "Stefanov, Georgi"]
[Black "Pavlov, Vladimir G"]
[Result "1/2-1/2"]
[WhiteElo "1315"]
[BlackElo "1599"]
[PlyCount "72"]
[EventDate "2017.11.19"]
[EventType "swiss (rapid)"]
[EventRounds "7"]
[EventCountry "BUL"]

1. e4 c5 2. b4 cxb4 3. a3 b3 4. cxb3 d6 5. d4 Nf6 6. Bd3 Nbd7 7. Ne2 e6 8. Nbc3
a6 9. a4 b6 10. O-O Be7 11. Bb2 O-O 12. Qd2 Bb7 13. Ng3 Qb8 14. Rac1 Rd8 15.
Rfd1 Qa7 16. Bc2 d5 17. e5 Ne8 18. f4 g6 19. Qf2 Ng7 20. Bb1 Rac8 21. Kh1 Nb8
22. Ba2 Nc6 23. Qd2 h5 24. Nb1 Nb4 25. Ba3 Nxa2 26. Bxe7 Nxc1 27. Bxd8 Rxd8 28.
Rxc1 Rc8 29. Rxc8+ Bxc8 30. Qc3 Qd7 31. Nd2 Bb7 32. Ne2 Nf5 33. Ng3 Nxg3+ 34.
hxg3 Kg7 35. Nf3 Qc6 36. Qxc6 Bxc6 1/2-1/2

[Event "2nd children "]
[Site "Sofia"]
[Date "2017.11.19"]
[Round "3.1"]
[White "Petrov, Anton S"]
[Black "Stefanov, Georgi"]
[Result "1-0"]
[WhiteElo "1825"]
[BlackElo "1315"]
[PlyCount "93"]
[EventDate "2017.11.19"]
[EventType "swiss (rapid)"]
[EventRounds "7"]
[EventCountry "BUL"]

1. e4 e5 2. Nf3 Nc6 3. Bc4 Nf6 4. Ng5 d5 5. exd5 b5 6. Bxb5 Qxd5 7. Bxc6+ Qxc6
8. O-O Bd6 9. Nc3 O-O 10. d3 Bb7 11. f3 Bc5+ 12. Kh1 Rad8 13. Nge4 Nxe4 14.
Nxe4 Bb6 15. Qe2 f5 16. Nc3 Rde8 17. Be3 Rf6 18. Bxb6 Qxb6 19. Qd2 Qb4 20. Rae1
Rh6 21. d4 Rd6 22. Qd3 Ba6 23. Qxf5 Bxf1 24. dxe5 Rde6 25. Rxf1 Rxe5 26. Qd3
Qxb2 27. h3 Qb6 28. Ne4 Qb5 29. c4 Qa6 30. Qd7 Qxc4 31. Rd1 R5e7 32. Qg4 Qe6
33. Qf4 Rf7 34. Qd2 Rff8 35. Qc2 Re7 36. Qc5 Rd7 37. Rxd7 Qxd7 38. Qxa7 Qc6 39.
Qa3 Qd5 40. Qc3 Rc8 41. a3 c5 42. Qa5 Qd4 43. Qa6 Rd8 44. Qe6+ Kh8 45. Ng5 Qd5
46. Nf7+ Kg8 47. Nxd8+ 1-0

[Event "2nd children "]
[Site "Sofia"]
[Date "2017.11.19"]
[Round "3.2"]
[White "Pavlov, Vladimir G"]
[Black "Petrova, Maria"]
[Result "1-0"]
[WhiteElo "1599"]
[BlackElo "1617"]
[PlyCount "51"]
[EventDate "2017.11.19"]
[EventType "swiss (rapid)"]
[EventRounds "7"]
[EventCountry "BUL"]

1. e4 e5 2. Nc3 Nc6 3. g3 Nf6 4. Bg2 Bc5 5. Nge2 a6 6. d3 O-O 7. O-O d6 8. h3
Be6 9. Kh2 d5 10. Rb1 Ba7 11. a3 d4 12. Na4 b5 13. f4 bxa4 14. f5 Bc8 15. g4 h6
16. Qe1 Bc5 17. Qg3 Nh7 18. Ng1 Be7 19. Nf3 Ng5 20. Bxg5 Bxg5 21. Nxg5 Qxg5 22.
f6 Qe3 23. Rf3 Qd2 24. fxg7 Qxc2 25. gxf8=Q+ Kxf8 26. Rbf1 1-0

[Event "2nd children "]
[Site "Sofia"]
[Date "2017.11.19"]
[Round "4.1"]
[White "Pavlov, Vladimir G"]
[Black "Petrov, Anton S"]
[Result "1/2-1/2"]
[WhiteElo "1599"]
[BlackElo "1825"]
[PlyCount "93"]
[EventDate "2017.11.19"]
[EventType "swiss (rapid)"]
[EventRounds "7"]
[EventCountry "BUL"]

1. e4 e6 2. d3 d5 3. Nd2 Nf6 4. g3 dxe4 5. dxe4 e5 6. Bg2 Nc6 7. Ne2 Bc5 8. O-O
O-O 9. c3 Bg4 10. h3 Bh5 11. g4 Bg6 12. Ng3 Qd3 13. Qf3 Rad8 14. Nb3 Bb6 15.
Bg5 Qxf3 16. Bxf3 Rd3 17. Kg2 Rfd8 18. Bxf6 gxf6 19. Rad1 Na5 20. Nxa5 Bxa5 21.
Rxd3 Rxd3 22. Rd1 Rd6 23. Rxd6 cxd6 24. Kf1 Kf8 25. Ke2 Ke7 26. Nf1 h6 27. Ne3
Ke6 28. Nd5 Bd8 29. Kd3 Kd7 30. h4 Kc6 31. h5 Bh7 32. Bd1 a5 33. f3 f5 34. c4
fxe4+ 35. fxe4 b5 36. cxb5+ Kxb5 37. Bb3 Kc5 38. Ne3 Bg8 39. Nf5 Bg5 40. a3 a4
41. Bxa4 f6 42. b4+ Kb6 43. Be8 d5 44. a4 dxe4+ 45. Kxe4 Bd2 46. Ne7 Be6 47. b5
1/2-1/2